Prometeo : Fuego para el Propio Conocimiento : Revista Mexicana de Psicología Humanista y Desarrollo Humano : número 10 : primavera 1996 : Discapacidad /

Sparad:
Bibliografiska uppgifter
Övriga upphov: Lafarga Corona, Juan (dirección) (dirección), Acévez Estrada, Luis Mariano (dirección) (dirección), Fontanot Yarza, Gina del Carmen (edición) (edición), Schlüter Sartorius, Hanne Lore (coordinación editorial) (coordinación editorial), Alvarado García, José Francisco (asesoría) (asesoría)
Materialtyp: Bok
Språk:spanska
Utgiven: México : UIA Ciudad de México, Departamento de Desarrollo Humano, 1996
Serie:(Prometeo: Fuego para el Propio Conocimiento ; 10)
Ämnen:
Taggar: Lägg till en tagg
Inga taggar, Lägg till första taggen!

MARC

LEADER 00000nam^a2200000^a^4500
001 000617421
005 20250707000000.0
009 20260310133739.796
022 |a 1405-0951 
025 |a Donación Juan Lafarga Corona, 1 ejemplar 
037 |a Acervo Xavier Clavigero 
041 |a ESP 
091 |a FLC. 00813 
240 1 1 |a [Prometeo: Fuego para el Propio Conocimiento] 
245 0 0 |a Prometeo :  |b Fuego para el Propio Conocimiento : Revista Mexicana de Psicología Humanista y Desarrollo Humano : número 10 : primavera 1996 : Discapacidad /  |c Dir. de J. Lafarga Corona ; dir. ejecutivo L.M. Acévez Estrada ; ed. asociados G.C. Fontanot Yarza... [et al.] ; coord. editorial de H.L. Schlüter Sartorius ; cuerpo de asesores J.F. Alvarado García... [et al.]. 
264 4 |a México :  |b UIA Ciudad de México, Departamento de Desarrollo Humano,  |c 1996 
300 |a 71 p. 
336 |a texto  |b txt  |2 rdacontenido 
337 |a sin mediación  |b n  |2 rdamedio 
338 |a volumen  |b nc  |2 rdasoporte 
440 1 |a (Prometeo: Fuego para el Propio Conocimiento ;  |v 10) 
649 |a XX 
650 |a Desarrollo Humano -  |x Publicaciones Periódicas Mexicanas 
650 |a Desarrollo Humano -  |x Publicaciones Periódicas -  |x Tema Principal 
650 |a Psicología Humanista -  |x Publicaciones Periódicas Mexicanas 
650 |a Psicología Humanista -  |x Publicaciones Periódicas 
650 |a Psicología -  |x Publicaciones Periódicas Mexicanas 
650 |a Psicología -  |x Publicaciones Periódicas 
650 |a UIA Ciudad de México -  |x Publicaciones Periódicas 
650 |a Sistema Universitario Jesuita -  |z México -  |x Publicaciones Periódicas 
650 |a Publicaciones Periódicas Mexicanas 
650 |a Publicaciones Periódicas 
700 |a Lafarga Corona, Juan  |e (dirección) 
700 |a Acévez Estrada, Luis Mariano  |e (dirección) 
700 |a Fontanot Yarza, Gina del Carmen  |e (edición) 
700 |a Schlüter Sartorius, Hanne Lore  |e (coordinación editorial) 
700 |a Alvarado García, José Francisco  |e (asesoría) 
740 0 |a Discapacidad /  |c Dir. de J. Lafarga Corona ; dir. ejecutivo L.M. Acévez Estrada ; ed. asociados G.C. Fontanot Yarza... [et al.] ; coord. editorial de H.L. Schlüter Sartorius ; cuerpo de asesores J.F. Alvarado García... [et al.]. 
910 |a Fondo Juan Lafarga Corona S.J. 
920 |a Impresos - Libros 
930 |a Fondos Especiales 
905 |a 145 
901 |a 617421-10  |b IT2  |c ESL  |i D  |u 20250707 
902 |a https://opac.biblio.iteso.mx/vufind/Record/000617421